000 00789na a2200277 4500
001 21901
003 MIRAKIL
005 20181226092846.0
008 170208b tu n0 0 0
035 _a20918
040 _aMilas
_btur
_cTR-AnCHP
041 _atur
090 _a050 DER 48
222 _aAnayasa Mahkemesi Kararlar dergisi
245 _aAnayasa Mahkemesi Kararlar dergisi
_c[yayınlayan] Anayasa Mahkemesi
246 _aKararlar dergisi
246 _aAnayasa Mahkemesi Kararları Dizini
260 _aAnkara
_bAnayasa Mahkemesi
_c1964-
300 _ac.
_bres.
_c24 sm.
310 _aYıllık
362 _asayı 30 (1990)-
650 _aAnayasa Mahkemesi kararları
_vSüreli yayınlar
740 _aKararlar dergisi
910 _aDERGİ 48
942 _2ddc
_cSER
999 _c11502
_d11502